[Event "DSOL 2021"]
[Site "Germany"]
[Date "2021.02.03"]
[Round "2.1"]
[White "Muedder, Melanie"]
[Black "Machelett, Heiko"]
[Result "0-1"]
[WhiteElo "1435"]
[BlackElo "1620"]
[Annotator "NA RC"]
[PlyCount "62"]
[EventDate "2021.01.18"]
[EventType "team-tourn"]
[EventCountry "GER"]
[SourceTitle "playchess.com"]
[Source "ChessBase"]
[SourceQuality "1"]

1. e4 e6 2. d4 d5 3. Bd3 dxe4 4. Bxe4 Nf6 5. Bf3 c5 6. Ne2 Nc6 7. Be3 cxd4 8. Nxd4 Ne5 9. Nc3 a6 10. a3 Qc7 11. O-O Bd6 12. Be2 Bd7 13. h3 O-O 14. Bg5 Rad8 15. Bxf6 gxf6 16. Qc1 Ng6 17. Qh6 Bh2+ 18. Kh1 Bf4 19. Qh5 Be5 20. Nf3 Bxc3 21. bxc3 Qxc3 22. Bd3 Bc6 23. Rfe1 Kg7 24. Rab1 Qxa3 25. Rb3 Qd6 26. Re3 f5 27. Nd2 Bxg2+ 28. Kg1 Bc6 29. Nc4 Qd5 30. Kf1 Qh1+ 31. Ke2 Nf4+ 0-1

[Event "DSOL 2021"]
[Site "Germany"]
[Date "2021.02.05"]
[Round "2.2"]
[White "Meier, Georg"]
[Black "Faerber, David"]
[Result "1-0"]
[WhiteElo "2628"]
[BlackElo "2319"]
[Annotator "TA"]
[PlyCount "85"]
[EventDate "2021.01.18"]
[EventType "team-tourn"]
[EventCountry "GER"]
[SourceTitle "playchess.com"]
[Source "ChessBase"]
[SourceQuality "1"]
[WhiteTeam "SF Deizisau I"]
[BlackTeam "SV Walldorf I"]

1. Nf3 d5 2. g3 Bg4 3. Bg2 c6 4. h3 Bxf3 5. Bxf3 e5 6. d3 Nf6 7. O-O Bc5 8. e4 O-O 9. Nc3 dxe4 10. Nxe4 Nxe4 11. dxe4 Nd7 12. Qe2 Qe7 13. Rd1 Rfd8 14. Bd2 Nf6 15. Kg2 Rd7 16. Be1 Rad8 17. a4 a6 18. a5 Rxd1 19. Rxd1 Rxd1 20. Qxd1 Qd6 21. Qxd6 Bxd6 22. Kf1 Kf8 23. h4 Ke7 24. Ke2 h6 25. Bd2 Nd7 26. Bg4 Kd8 27. Bh3 Nc5 28. f3 Ke7 29. h5 Ne6 30. c3 Bc5 31. b4 Ba7 32. f4 Bb8 33. Kf3 Bd6 34. Be3 f6 35. Bf1 Nc7 36. Kg4 Nb5 37. c4 Nc3 38. c5 Bc7 39. Kf5 Nd1 40. Bd2 Nf2 41. Be2 Nh1 42. Be1 exf4 43. gxf4 1-0

[Event "DSOL 2021"]
[Site "Germany"]
[Date "2021.02.04"]
[Round "2.2"]
[White "Babula, Vlastimil"]
[Black "Browning, Alex"]
[Result "1-0"]
[WhiteElo "2559"]
[BlackElo "2307"]
[Annotator "TA"]
[PlyCount "99"]
[EventDate "2021.01.18"]
[EventType "team-tourn"]
[EventCountry "GER"]
[SourceTitle "playchess.com"]
[Source "ChessBase"]
[SourceQuality "1"]

1. d4 Nf6 2. c4 c5 3. d5 e6 4. Nc3 exd5 5. cxd5 d6 6. Nf3 g6 7. Nd2 Bg7 8. e4 O-O 9. Be2 Re8 10. O-O Nbd7 11. a4 a6 12. Ra3 b6 13. Qc2 Rb8 14. h3 Qe7 15. f4 Nf8 16. Rb3 N6d7 17. Bc4 Bd4+ 18. Kh1 Nf6 19. Bd3 Nh5 20. Ne2 Bg7 21. Nf3 Bd7 22. Ra3 c4 23. Qxc4 b5 24. Qc2 b4 25. Ra1 f5 26. e5 Rec8 27. Qb3 Kh8 28. e6 Be8 29. Be3 Qb7 30. Rfd1 Nf6 31. Bc4 Ne4 32. Rac1 Nc5 33. Bxc5 Rxc5 34. Ned4 h6 35. Nc6 Bxc6 36. dxc6 Qxc6 37. e7 Nd7 38. Nh4 d5 39. Bxd5 Qf6 40. Nxg6+ Qxg6 41. Bf7 Qf6 42. e8=Q+ Rxe8 43. Bxe8 Rxc1 44. Rxc1 Nf8 45. Qxb4 Qd8 46. Bf7 Qd7 47. Ba2 Kh7 48. Qc4 h5 49. Qd5 Qxa4 50. Qxf5+ 1-0

[Event "DSOL 2021"]
[Site "Germany"]
[Date "2021.02.05"]
[Round "2.2"]
[White "Schramm, Christian"]
[Black "Meyer-Dunker, Paul"]
[Result "1/2-1/2"]
[WhiteElo "2361"]
[BlackElo "2112"]
[Annotator "TA"]
[PlyCount "44"]
[EventDate "2021.01.18"]
[EventType "team-tourn"]
[EventCountry "GER"]
[SourceTitle "playchess.com"]
[Source "ChessBase"]
[SourceQuality "1"]
[WhiteTeam "SK Bickenbach I"]
[BlackTeam "SK Johanneum Eppendorf I"]

1. e4 e5 2. Nf3 Nc6 3. Bc4 Nf6 4. d3 Bc5 5. c3 d6 6. Nbd2 a6 7. Bb3 Ba7 8. h3 Ne7 9. Nf1 Ng6 10. Be3 O-O 11. Bxa7 Rxa7 12. Ne3 h6 13. Qd2 a5 14. a4 Re8 15. g3 c6 16. Kf1 b6 17. Kg2 d5 18. Bc2 Ba6 19. Rad1 Rd7 20. exd5 Nxd5 21. Nxd5 Rxd5 22. Qe3 c5 1/2-1/2

[Event "DSOL 2021"]
[Site "Germany"]
[Date "2021.02.03"]
[Round "2.2"]
[White "Colbow, Collin"]
[Black "Gallasch, Jonas"]
[Result "0-1"]
[WhiteElo "2339"]
[BlackElo "2112"]
[Annotator "TA"]
[PlyCount "108"]
[EventDate "2021.01.18"]
[EventType "team-tourn"]
[EventCountry "GER"]
[SourceTitle "playchess.com"]
[Source "ChessBase"]
[SourceQuality "1"]

1. e4 c6 2. d4 d5 3. e5 c5 4. dxc5 e6 5. Be3 Nd7 6. Bb5 Qc7 7. Nf3 Bxc5 8. Bxc5 Qxc5 9. Qe2 Ne7 10. O-O a6 11. Bd3 Ng6 12. Nbd2 O-O 13. Nb3 Qc7 14. Rfe1 Nb6 15. Bxg6 hxg6 16. Ng5 Re8 17. Qd3 Qe7 18. f4 Nd7 19. Qh3 Nf8 20. Qh4 f6 21. Re3 fxg5 22. fxg5 Nd7 23. Rh3 Rf8 24. Re1 Kf7 25. Qh7 Ke8 26. Nd4 Nc5 27. c4 Ne4 28. cxd5 exd5 29. e6 Qb4 30. Qxg6+ Kd8 31. Rd1 Nf2 32. Rb3 Qd6 33. Rf1 Ne4 34. Rxf8+ Qxf8 35. Rf3 Qb4 36. e7+ Qxe7 37. Rf7 Qc5 38. h4 Qxd4+ 39. Kh2 Qe5+ 40. Kg1 Qd4+ 41. Kh2 Qe5+ 42. Kg1 Bd7 43. Qb6+ Ke8 44. Qg6 Qd4+ 45. Kh2 Rc8 46. Rxg7+ Kd8 47. Rg8+ Kc7 48. Rg7 Qe5+ 49. Kg1 Rf8 50. Rf7 Rxf7 51. Qxf7 Qf5 52. g6 Kd6 53. h5 Qxf7 54. gxf7 Ke7 0-1

[Event "DSOL 2021"]
[Site "Germany"]
[Date "2021.02.04"]
[Round "2.2"]
[White "Bilek, Michael"]
[Black "Lapin, Oleg"]
[Result "1-0"]
[WhiteElo "2314"]
[BlackElo "1832"]
[Annotator "TA"]
[PlyCount "87"]
[EventDate "2021.01.18"]
[EventType "team-tourn"]
[EventCountry "GER"]
[SourceTitle "playchess.com"]
[Source "ChessBase"]
[SourceQuality "1"]

1. d4 Nf6 2. c4 g6 3. Nc3 Bg7 4. e4 d6 5. Nf3 O-O 6. Be2 c5 7. O-O cxd4 8. Nxd4 Nc6 9. Nc2 a6 10. Kh1 h5 11. h3 Be6 12. f4 Qc8 13. Ne3 Na5 14. Qa4 b6 15. Bd2 Nc6 16. Ned5 Rb8 17. Qxc6 Qd8 18. Qc7 Qxc7 19. Nxc7 Bc8 20. Be3 e6 21. Rad1 Bb7 22. Rxd6 Rfc8 23. Bxb6 Bxe4 24. Nxa6 Rb7 25. c5 Bd5 26. Bf3 Bxf3 27. Rxf3 Bf8 28. Rd2 Nd7 29. Na4 Nf6 30. b4 Nd5 31. a3 h4 32. b5 Bh6 33. Rxd5 exd5 34. c6 Re7 35. Nc3 Re1+ 36. Kh2 Rce8 37. Nxd5 R8e2 38. c7 Rc1 39. Nc5 Ree1 40. c8=Q+ Kg7 41. Ne6+ fxe6 42. Bd4+ Kf7 43. Qd7+ Kg8 44. Nf6+ 1-0

[Event "DSOL 2021"]
[Site "Germany"]
[Date "2021.02.03"]
[Round "2.2"]
[White "Sevillano, Voltaire"]
[Black "Schachkatze"]
[Result "1-0"]
[WhiteElo "2310"]
[BlackElo "1546"]
[Annotator "TA"]
[PlyCount "117"]
[EventDate "2021.01.18"]
[EventType "team-tourn"]
[EventCountry "GER"]
[SourceTitle "playchess.com"]
[Source "ChessBase"]
[SourceQuality "1"]

1. d4 g6 2. g3 Bg7 3. Bg2 d6 4. c4 Nd7 5. Nc3 e5 6. Nf3 Ne7 7. h4 h6 8. e4 exd4 9. Nxd4 Ne5 10. f4 Bg4 11. Nde2 Nf3+ 12. Kf2 Nd4 13. Be3 Nec6 14. Qd2 Nxe2 15. Nxe2 O-O 16. Nd4 Qf6 17. Nxc6 bxc6 18. Rab1 a5 19. Rhe1 a4 20. Kg1 Rfb8 21. b4 axb3 22. Rxb3 Rxb3 23. axb3 Ra3 24. Rb1 Qc3 25. Qxc3 Bxc3 26. Bf2 c5 27. e5 Bf5 28. Rd1 dxe5 29. Bxc5 Rxb3 30. Rd8+ Kh7 31. Bd5 Rb1+ 32. Kg2 e4 33. Bxf7 Rb2+ 34. Kg1 Bf6 35. Ra8 Rb3 36. Kf2 Bh3 37. h5 Rf3+ 38. Ke2 gxh5 39. Bg8+ Kg7 40. Bd5 Bg4 41. Bf8+ Kh8 42. Bxh6+ Kh7 43. Bxe4+ Kxh6 44. Bxf3 Be6 45. Bd5 Bf5 46. Ke3 Bc3 47. Ra6+ Kg7 48. Rc6 Ba5 49. Kd4 Bd7 50. Ra6 Be1 51. Be4 Bg4 52. f5 Bf2+ 53. Kd5 Bxg3 54. Ke6 Bd6 55. Rxd6 cxd6 56. Ke7 Kg8 57. f6 Be6 58. Bd5 Bxd5 59. cxd5 1-0

[Event "DSOL 2021"]
[Site "Germany"]
[Date "2021.02.03"]
[Round "2.2"]
[White "Stanke, Juergen"]
[Black "Boettcher, Christian"]
[Result "1-0"]
[WhiteElo "2271"]
[BlackElo "2196"]
[Annotator "TA"]
[PlyCount "87"]
[EventDate "2021.01.18"]
[EventType "team-tourn"]
[EventCountry "GER"]
[SourceTitle "playchess.com"]
[Source "ChessBase"]
[SourceQuality "1"]

1. c4 c5 2. Nf3 Nc6 3. d4 cxd4 4. Nxd4 Nf6 5. Nc3 d6 6. e4 e5 7. Nc2 Be6 8. Be2 Be7 9. O-O O-O 10. Be3 Ne8 11. Qd2 f5 12. exf5 Bxf5 13. Bf3 Nc7 14. Be4 Qd7 15. Rad1 Rad8 16. Qd3 g6 17. Nd5 Ne6 18. f3 b6 19. b4 Bg5 20. Bxf5 gxf5 21. f4 e4 22. Qa3 Be7 23. Qa4 Kf7 24. c5 bxc5 25. bxc5 Qb7 26. Nxe7 Kxe7 27. cxd6+ Rxd6 28. Rxd6 Kxd6 29. Qa3+ Kc7 30. Rc1 Rd8 31. Nb4 Rd6 32. Nxc6 Rxc6 33. Qe7+ Kb8 34. Qe8+ Qc8 35. Bxa7+ Kb7 36. Qxc8+ Rxc8 37. Rxc8 Kxc8 38. Be3 Kb7 39. Kf2 Kc6 40. h3 Kb5 41. g4 fxg4 42. hxg4 Ng7 43. f5 h5 44. Bd4 1-0

[Event "DSOL 2021"]
[Site "Germany"]
[Date "2021.02.05"]
[Round "2.2"]
[White "Hoffmann, Hendrik"]
[Black "Loef, Dirk"]
[Result "1-0"]
[WhiteElo "2242"]
[BlackElo "2116"]
[Annotator "TA"]
[PlyCount "41"]
[EventDate "2021.01.18"]
[EventType "team-tourn"]
[EventCountry "GER"]
[SourceTitle "playchess.com"]
[Source "ChessBase"]
[SourceQuality "1"]
[WhiteTeam "SG Leipzig"]
[BlackTeam "SF Heidesheim I"]

1. e4 d6 2. d4 Nf6 3. Nc3 g6 4. Nf3 Bg7 5. h3 O-O 6. Be2 c5 7. dxc5 Qa5 8. O-O Qxc5 9. Be3 Qc7 10. Re1 a6 11. Qd2 Re8 12. Bd4 Nc6 13. Nd5 Qb8 14. Bxf6 exf6 15. Bc4 b5 16. Bb3 f5 17. exf5 Rxe1+ 18. Rxe1 Bxf5 19. Ne7+ Nxe7 20. Rxe7 Ra7 21. Bxf7+ 1-0

[Event "DSOL 2021"]
[Site "Germany"]
[Date "2021.02.01"]
[Round "2.2"]
[White "Richter, Georg"]
[Black "Garzinsky, Dominik"]
[Result "1-0"]
[WhiteElo "2176"]
[BlackElo "2109"]
[Annotator "TA"]
[PlyCount "47"]
[EventDate "2021.01.18"]
[EventType "team-tourn"]
[EventCountry "GER"]
[SourceTitle "playchess.com"]
[Source "ChessBase"]
[SourceQuality "1"]

1. e4 g6 2. d4 Bg7 3. Nf3 d6 4. Nc3 a6 5. Bc4 b5 6. Bb3 e6 7. O-O Bb7 8. d5 e5 9. a4 b4 10. Na2 a5 11. c3 Ba6 12. Re1 bxc3 13. Nxc3 Nd7 14. Be3 Ne7 15. Rc1 Rb8 16. Nd2 f5 17. f3 Nb6 18. Qc2 f4 19. Bf2 c5 20. dxc6 Nxc6 21. Nd5 Nb4 22. Nxb4 axb4 23. Qc6+ Kf8 24. a5 1-0

[Event "DSOL 2021"]
[Site "Germany"]
[Date "2021.02.01"]
[Round "2.2"]
[White "Kaliski, Erwin"]
[Black "Wessendorf, Thomas"]
[Result "0-1"]
[WhiteElo "2175"]
[BlackElo "2252"]
[Annotator "TA"]
[PlyCount "90"]
[EventDate "2021.01.18"]
[EventType "team-tourn"]
[EventCountry "GER"]
[SourceTitle "playchess.com"]
[Source "ChessBase"]
[SourceQuality "1"]

1. e4 c5 2. c3 d5 3. exd5 Qxd5 4. d4 g6 5. Nf3 Bg7 6. Be3 Nh6 7. Bb5+ Bd7 8. Bxd7+ Nxd7 9. dxc5 Qc6 10. O-O Nxc5 11. Nd4 Qd7 12. Qf3 O-O 13. Rd1 Rad8 14. Na3 Qc8 15. Nb3 Na4 16. Qe2 a6 17. Nc4 Qc7 18. Bd4 e5 19. Bxe5 Bxe5 20. Nxe5 Rxd1+ 21. Rxd1 Re8 22. f4 f6 23. Qc4+ Qxc4 24. Nxc4 b5 25. Nd6 Rd8 26. Rd2 Nxb2 27. Nc5 Na4 28. Nxa4 bxa4 29. Ne4 Rxd2 30. Nxd2 Kf7 31. Kf2 Ke6 32. Ke3 Ng4+ 33. Kf3 f5 34. h3 Nf6 35. c4 Kd6 36. g4 Kc5 37. gxf5 gxf5 38. Ke3 Nh5 39. a3 a5 40. h4 h6 41. Kf3 Kd4 42. Nf1 Kxc4 43. Ne3+ Kb3 44. Nxf5 Kxa3 45. Nxh6 Kb2 0-1

[Event "DSOL 2021"]
[Site "Germany"]
[Date "2021.02.04"]
[Round "2.2"]
[White "Gerland, Felix"]
[Black "Kopylov, Daniel"]
[Result "1-0"]
[WhiteElo "2169"]
[BlackElo "2353"]
[Annotator "TA"]
[PlyCount "103"]
[EventDate "2021.01.18"]
[EventType "team-tourn"]
[EventCountry "GER"]
[SourceTitle "playchess.com"]
[Source "ChessBase"]
[SourceQuality "1"]

1. c4 g6 2. g3 Bg7 3. Bg2 c5 4. Nc3 Nc6 5. b3 e6 6. Bb2 Nge7 7. h4 h5 8. Nf3 O-O 9. O-O d5 10. Na4 dxc4 11. Bxg7 Kxg7 12. Nxc5 Qb6 13. Na4 Qb4 14. bxc4 Qxc4 15. Rc1 Qb4 16. Nc3 Nd5 17. Nxd5 exd5 18. Qc2 Bf5 19. d3 Rfe8 20. Rb1 Qe7 21. Qb2+ Qf6 22. Ng5 Rad8 23. Qxf6+ Kxf6 24. Rxb7 Rxe2 25. Rxf7+ Ke5 26. Rc1 Rc8 27. d4+ Kd6 28. Rf6+ Kd7 29. Bf1 Nxd4 30. Rxc8 Kxc8 31. Bxe2 Nxe2+ 32. Kf1 Bd3 33. Ke1 Nd4 34. Kd2 Bb1 35. Nf3 Nb5 36. a4 Na3 37. Ne5 Kc7 38. Kc3 a5 39. Kb2 d4 40. Kxa3 d3 41. Nxd3 Bxd3 42. Kb2 Kd7 43. Kc3 Ke7 44. Rb6 Be4 45. Rb5 Kf6 46. Rxa5 Bb7 47. Kd4 Bf3 48. Ke3 Bb7 49. Kf4 Bc8 50. Rb5 Bd7 51. Rb6+ Ke7 52. a5 1-0

[Event "DSOL 2021"]
[Site "Germany"]
[Date "2021.02.04"]
[Round "2.2"]
[White "Dietz, Juergen"]
[Black "Uhl, Heinz"]
[Result "1-0"]
[WhiteElo "2146"]
[BlackElo "2141"]
[Annotator "TA"]
[PlyCount "57"]
[EventDate "2021.01.18"]
[EventType "team-tourn"]
[EventCountry "GER"]
[SourceTitle "playchess.com"]
[Source "ChessBase"]
[SourceQuality "1"]

1. f4 c5 2. Nf3 Nc6 3. e4 g6 4. Be2 Bg7 5. c3 d5 6. d3 dxe4 7. dxe4 Qxd1+ 8. Bxd1 e5 9. Na3 Nf6 10. Nxe5 Nxe5 11. fxe5 Nxe4 12. Bf3 f5 13. exf6 Nxf6 14. O-O O-O 15. Be3 Nd7 16. Nb5 a6 17. Nd6 Be5 18. Bd5+ Kg7 19. Nf7 g5 20. Bxg5 Bf6 21. Bh6+ Kg6 22. Bxf8 Nxf8 23. Rae1 Bd7 24. Re3 Kg7 25. Ref3 Be7 26. Ne5 Be8 27. Rf7+ Bxf7 28. Rxf7+ Kh6 29. Rxe7 1-0

[Event "DSOL 2021"]
[Site "Germany"]
[Date "2021.02.04"]
[Round "2.2"]
[White "Maksimovic, Marko"]
[Black "Einwiller, Dieter"]
[Result "1/2-1/2"]
[WhiteElo "2144"]
[BlackElo "2138"]
[Annotator "TA"]
[PlyCount "49"]
[EventDate "2021.01.18"]
[EventType "team-tourn"]
[EventCountry "GER"]
[SourceTitle "playchess.com"]
[Source "ChessBase"]
[SourceQuality "1"]

1. d4 Nf6 2. c4 c5 3. d5 e6 4. Nc3 exd5 5. cxd5 d6 6. e4 g6 7. h3 Bg7 8. Nf3 O-O 9. Bd3 a6 10. a4 Re8 11. O-O Nbd7 12. Bg5 Qc7 13. Qd2 c4 14. Bc2 Rb8 15. Nd4 Nc5 16. Rfe1 Bd7 17. a5 b5 18. axb6 Rxb6 19. Ra2 Reb8 20. Rb1 Be8 21. Kh1 R8b7 22. Be3 Qb8 23. Qc1 Rb4 24. Nc6 Bxc6 25. dxc6 1/2-1/2

[Event "DSOL 2021"]
[Site "Germany"]
[Date "2021.02.05"]
[Round "2.2"]
[White "Koop, Soeren"]
[Black "Runte, Moritz"]
[Result "0-1"]
[WhiteElo "2110"]
[BlackElo "2133"]
[Annotator "TA"]
[PlyCount "51"]
[EventDate "2021.01.18"]
[EventType "team-tourn"]
[EventCountry "GER"]
[SourceTitle "playchess.com"]
[Source "ChessBase"]
[SourceQuality "1"]
[WhiteTeam "SC Wrist-Kellinghusen"]
[BlackTeam "SV Hemer"]

1. e4 c5 2. Nc3 d6 3. f4 g6 4. Nf3 Bg7 5. Bc4 Nc6 6. d3 e6 7. O-O Nge7 8. a3 O-O 9. Qe1 d5 10. Ba2 Nd4 11. Qf2 b5 12. Nxd4 Bxd4 13. Be3 Bxe3 14. Qxe3 d4 15. Qh3 dxc3 16. bxc3 c4 17. dxc4 bxc4 18. Bxc4 Qc7 19. Bd3 Ba6 20. f5 exf5 21. exf5 Bxd3 22. cxd3 Nxf5 23. d4 Rae8 24. Rxf5 gxf5 25. Qg3+ Qxg3 26. hxg3 0-1

[Event "DSOL 2021"]
[Site "Germany"]
[Date "2021.02.02"]
[Round "2.2"]
[White "Decker, Nils"]
[Black "van Son, Lutz"]
[Result "0-1"]
[WhiteElo "2105"]
[BlackElo "2146"]
[Annotator "TA"]
[PlyCount "156"]
[EventDate "2021.01.18"]
[EventType "team-tourn"]
[EventCountry "GER"]
[SourceTitle "playchess.com"]
[Source "ChessBase"]
[SourceQuality "1"]

1. e4 e6 2. d4 d5 3. Nc3 Bb4 4. exd5 exd5 5. Bd3 Nc6 6. a3 Ba5 7. Nge2 Nge7 8. O-O Bf5 9. Na4 O-O 10. b4 Bb6 11. c3 Qd7 12. Nb2 Rfe8 13. a4 a6 14. Bf4 Ng6 15. Bg3 Re7 16. a5 Ba7 17. b5 axb5 18. Bxb5 Qe6 19. a6 b6 20. Re1 Na5 21. c4 c6 22. cxd5 Qxd5 23. Bd3 Rae8 24. Na4 Bxd3 25. Qxd3 Qc4 26. Qxc4 Nxc4 27. Nac3 b5 28. Rec1 b4 29. Na2 Rxe2 30. Nxb4 Bxd4 31. h3 Bxa1 32. Rxa1 Re1+ 33. Rxe1 Rxe1+ 34. Kh2 Ra1 35. a7 Rxa7 36. Nxc6 Ra3 37. h4 h5 38. Nd4 Nge5 39. f3 g6 40. Kh3 Kg7 41. Nb5 Ra1 42. Kh2 Nc6 43. Bf4 Rb1 44. Nc3 Rb3 45. Ne2 Ne7 46. Kh3 Nf5 47. Bc7 Rb1 48. g3 Rb3 49. f4 Nce3 50. Kh2 Ng4+ 51. Kg2 Rb2 52. Kf1 f6 53. Ke1 Rxe2+ 54. Kxe2 Nxg3+ 55. Kf3 Nf5 56. Bb6 Nxh4+ 57. Kg3 Nf5+ 58. Kh3 Ne7 59. Bd4 Nd5 60. Kg3 Kf7 61. Bb2 Ke6 62. Bc1 Kf5 63. Bd2 Nh6 64. Bc1 Nf7 65. Bd2 Nd8 66. Bc1 Ne6 67. Kh4 Ndxf4 68. Bd2 g5+ 69. Kg3 h4+ 70. Kh2 g4 71. Be3 g3+ 72. Kg1 h3 73. Bd2 Nc5 74. Be1 Kg4 75. Bc3 Ne4 76. Be1 Ne2+ 77. Kf1 g2+ 78. Kxe2 g1=Q 0-1

[Event "DSOL 2021"]
[Site "Germany"]
[Date "2021.02.04"]
[Round "2.2"]
[White "Weise, Martin"]
[Black "Krings, Christoph"]
[Result "1-0"]
[WhiteElo "2090"]
[BlackElo "2161"]
[Annotator "TA"]
[PlyCount "45"]
[EventDate "2021.01.18"]
[EventType "team-tourn"]
[EventCountry "GER"]
[SourceTitle "playchess.com"]
[Source "ChessBase"]
[SourceQuality "1"]

1. Nf3 e6 2. c4 f5 3. Nc3 Nf6 4. d3 d6 5. e4 fxe4 6. dxe4 e5 7. Be2 Be7 8. c5 Nc6 9. cxd6 Qxd6 10. O-O a6 11. Be3 Bg4 12. Nd5 Nxd5 13. exd5 Nd8 14. Qa4+ Bd7 15. Qb3 b6 16. Nd2 Qb4 17. Qc2 Ra7 18. Nc4 Nf7 19. a3 Ba4 20. Qe4 Qb3 21. Bd1 Qb5 22. Bxa4 Qxa4 23. Nd6+ 1-0

[Event "DSOL 2021"]
[Site "Germany"]
[Date "2021.02.04"]
[Round "2.2"]
[White "Laux, Dominik"]
[Black "Antonov, Alexander"]
[Result "0-1"]
[WhiteElo "2085"]
[BlackElo "1990"]
[Annotator "TA"]
[PlyCount "50"]
[EventDate "2021.01.18"]
[EventType "team-tourn"]
[EventCountry "GER"]
[SourceTitle "playchess.com"]
[Source "ChessBase"]
[SourceQuality "1"]

1. e4 c5 2. Nf3 d6 3. Bb5+ Nd7 4. O-O a6 5. Bd3 Ne5 6. Nxe5 dxe5 7. b3 e6 8. Bb2 Bd6 9. f4 Qc7 10. Qg4 Ne7 11. Qxg7 Rg8 12. Qxh7 exf4 13. Bf6 Be5 14. Qh4 Bxa1 15. Bxa1 e5 16. Qf6 Nc6 17. Nc3 Be6 18. Nd5 Qd8 19. Bxe5 Bxd5 20. exd5 Qxd5 21. Rf2 Nxe5 22. Re2 Kf8 23. Qxe5 Rxg2+ 24. Kh1 Qxe5 25. Rxe5 Rxd2 0-1

[Event "DSOL 2021"]
[Site "Germany"]
[Date "2021.02.02"]
[Round "2.2"]
[White "Bohnhoff, Peter"]
[Black "Brock, Friedemann"]
[Result "1/2-1/2"]
[WhiteElo "2078"]
[BlackElo "2249"]
[Annotator "TA"]
[PlyCount "78"]
[EventDate "2021.01.18"]
[EventType "team-tourn"]
[EventCountry "GER"]
[SourceTitle "playchess.com"]
[Source "ChessBase"]
[SourceQuality "1"]

1. Nf3 d5 2. e3 Nf6 3. c4 e6 4. Nc3 b6 5. b3 Bb7 6. Bb2 Bd6 7. cxd5 exd5 8. Ne2 O-O 9. Ng3 Re8 10. Bd3 Nbd7 11. Qc2 Ne5 12. Be2 c5 13. Nxe5 Bxe5 14. Bxe5 Rxe5 15. d4 cxd4 16. exd4 Rc8 17. Qb2 Re6 18. O-O Rec6 19. Bd3 Rc3 20. Bf5 R8c7 21. Rac1 Rxc1 22. Rxc1 g6 23. Rxc7 Qxc7 24. Qc2 Qf4 25. Bc8 Bxc8 26. Qxc8+ Kg7 27. Qc3 Ne4 28. Nxe4 Qxe4 29. h3 h5 30. a4 h4 31. Kh2 Qf4+ 32. Kg1 a5 33. f3 Kh6 34. Kf2 Kg5 35. Qb2 f5 36. Qc3 Qg3+ 37. Kf1 Qf4 38. Kf2 Kh5 39. Kf1 g5 1/2-1/2

[Event "DSOL 2021"]
[Site "Germany"]
[Date "2021.02.02"]
[Round "2.2"]
[White "Sommaro, Katja"]
[Black "Lu, Siyuan"]
[Result "0-1"]
[WhiteElo "2077"]
[BlackElo "1876"]
[Annotator "TA"]
[PlyCount "66"]
[EventDate "2021.01.18"]
[EventType "team-tourn"]
[EventCountry "GER"]
[SourceTitle "playchess.com"]
[Source "ChessBase"]
[SourceQuality "1"]

1. c4 c5 2. g3 Nf6 3. Bg2 d5 4. cxd5 Nxd5 5. Nc3 Nc7 6. Nf3 Nc6 7. O-O e5 8. d3 Be7 9. Be3 Rb8 10. Rc1 O-O 11. Ne1 Nd4 12. f4 Bd6 13. fxe5 Bxe5 14. Nf3 Bf6 15. Bf2 b6 16. Nxd4 cxd4 17. Ne4 Be5 18. Qa4 a5 19. Nd2 Bd7 20. Qc2 Ne6 21. Nf3 Bf6 22. Qd2 Rc8 23. e4 dxe3 24. Bxe3 Re8 25. Qf2 Nc5 26. Bxc5 bxc5 27. b3 Bg4 28. Qd2 Bxf3 29. Rxf3 Bg5 30. Qc2 Bxc1 31. Qxc1 Qd4+ 32. Kh1 Re2 33. Qf1 Rce8 0-1

[Event "DSOL 2021"]
[Site "Germany"]
[Date "2021.02.02"]
[Round "2.2"]
[White "Wielebinski, Paul Martin"]
[Black "Welzel, Philipp"]
[Result "1/2-1/2"]
[WhiteElo "2067"]
[BlackElo "2208"]
[Annotator "TA"]
[PlyCount "150"]
[EventDate "2021.01.18"]
[EventType "team-tourn"]
[EventCountry "GER"]
[SourceTitle "playchess.com"]
[Source "ChessBase"]
[SourceQuality "1"]

1. e4 c5 2. Nf3 e6 3. d4 cxd4 4. Nxd4 Nc6 5. Nc3 Qc7 6. Be2 Nf6 7. O-O Be7 8. Be3 O-O 9. f4 d6 10. Kh1 Nxd4 11. Bxd4 e5 12. Be3 b6 13. Qd3 Bb7 14. Bf3 Rac8 15. Rad1 Rfd8 16. Rd2 a6 17. Na4 Nd7 18. Bg4 Nc5 19. Qa3 Rb8 20. Re2 b5 21. Nxc5 dxc5 22. Qc3 Bxe4 23. fxe5 Bd5 24. Bf4 Be6 25. Bxe6 fxe6 26. Qh3 Qc6 27. Ref2 Rf8 28. Qg3 Qe4 29. Bh6 Qg6 30. Qxg6 hxg6 31. Rxf8+ Rxf8 32. Rxf8+ Kxf8 33. Be3 Ke8 34. Kg1 Kd7 35. Kf2 Kc6 36. Kf3 Kd5 37. Bf4 c4 38. Kg4 Ke4 39. g3 a5 40. h4 a4 41. b3 cxb3 42. cxb3 a3 43. Bg5 Bf8 44. Bf4 Be7 45. Bg5 Bf8 46. Bf4 Kd3 47. Kg5 Kc2 48. Kxg6 Kb2 49. Kf7 Kxa2 50. Kxf8 Kxb3 51. Be3 Kc3 52. Kxg7 a2 53. h5 a1=Q 54. h6 Kd3 55. Bf4 Qa7+ 56. Kg8 Qb8+ 57. Kg7 Qc7+ 58. Kg8 Qd8+ 59. Kg7 Qe7+ 60. Kg8 b4 61. h7 b3 62. Bh6 b2 63. h8=Q b1=Q 64. Bf8 Qb8 65. Qh6 Qbe8 66. Qf6 Qxf6 67. exf6 e5 68. f7 Qc8 69. Kg7 Qg4+ 70. Kf6 Qxg3 71. Bh6 Qf3+ 72. Ke7 Qb7+ 73. Kf6 Qb6+ 74. Kg7 Qg1+ 75. Kh8 Qf2 1/2-1/2

[Event "DSOL 2021"]
[Site "Germany"]
[Date "2021.02.01"]
[Round "2.2"]
[White "Burchert, Wolfgang"]
[Black "Ward, Chris G"]
[Result "1/2-1/2"]
[WhiteElo "2064"]
[BlackElo "2402"]
[Annotator "TA"]
[PlyCount "82"]
[EventDate "2021.01.18"]
[EventType "team-tourn"]
[EventCountry "GER"]
[SourceTitle "playchess.com"]
[Source "ChessBase"]
[SourceQuality "1"]

1. e4 e6 2. d4 d5 3. e5 c5 4. c3 Nc6 5. Nf3 Qb6 6. Bd3 cxd4 7. cxd4 Bd7 8. O-O Nxd4 9. Nbd2 Bc5 10. b4 Qxb4 11. Nxd4 Bxd4 12. Rb1 Qa4 13. Qxa4 Bxa4 14. Rb4 Bxe5 15. Rxa4 Ne7 16. Ba3 Nc6 17. Nf3 Bc7 18. Rc1 Kd7 19. Bb5 a6 20. Bxc6+ bxc6 21. Nd4 Rhc8 22. Nb3 Bd6 23. Nc5+ Bxc5 24. Bxc5 Rcb8 25. h4 h5 26. f3 e5 27. g4 hxg4 28. fxg4 f6 29. Kg2 Rb5 30. Kg3 a5 31. h5 Ke6 32. Ba3 Ra6 33. Rc2 d4 34. Rac4 Kd5 35. Kf3 e4+ 36. Kf4 d3 37. Rc5+ Rxc5 38. Rxc5+ Kd4 39. Rc1 d2 40. Bc5+ Kd3 41. Rh1 Ra8 1/2-1/2

[Event "DSOL 2021"]
[Site "Germany"]
[Date "2021.02.02"]
[Round "2.2"]
[White "Schueler, Hendrik"]
[Black "Mews, Bernhard"]
[Result "1-0"]
[WhiteElo "2063"]
[BlackElo "2053"]
[Annotator "TA"]
[PlyCount "107"]
[EventDate "2021.01.18"]
[EventType "team-tourn"]
[EventCountry "GER"]
[SourceTitle "playchess.com"]
[Source "ChessBase"]
[SourceQuality "1"]

1. e4 c5 2. Nf3 e6 3. d4 cxd4 4. Nxd4 Nc6 5. Nb5 d6 6. c4 Nf6 7. N1c3 a6 8. Na3 Qa5 9. Bd2 Be7 10. Be2 O-O 11. O-O Qe5 12. Kh1 Nxe4 13. f4 Nxc3 14. Bxc3 Qc5 15. Bf3 Bd7 16. Qd2 Rac8 17. Rac1 Rfd8 18. Qe1 Bf6 19. Bxf6 gxf6 20. f5 Qe5 21. Qh4 Nd4 22. Rce1 Qc5 23. Qxf6 Nxf5 24. Bxb7 Rb8 25. Be4 Qd4 26. Rxf5 Qxf6 27. Rxf6 Rxb2 28. Ref1 Be8 29. R6f2 Rdb8 30. Kg1 f5 31. Rxb2 Rxb2 32. Rb1 Rxa2 33. Bf3 Rxa3 34. Rb8 Kf7 35. Bh5+ Kf6 36. Bxe8 Rc3 37. Rb6 Rxc4 38. Rxd6 a5 39. Ra6 Rc5 40. Bd7 Re5 41. Kf2 h6 42. Be8 Rc5 43. Bd7 Re5 44. Ba4 f4 45. Bb3 Kf5 46. Bc2+ Kf6 47. Kf3 Rc5 48. Be4 Ke5 49. Bh7 Rc3+ 50. Kf2 Rc5 51. Bg8 Rc2+ 52. Kf3 Rc3+ 53. Kg4 h5+ 54. Kxh5 1-0